Sanat: "Auringon suutelema" - Behm - Statistics

Yleistilastot
  • Tätä visaa on pelattu 8 kertaa
  • Keskiarvotulos 114 / 137
Vastaustilastot
Sanat % Oikein
auringon
100%
avaa
100%
Eikä
100%
et
100%
Et
100%
Ja
100%
jää
100%
kantaa
100%
kuin
100%
kuinka
100%
kun
100%
100%
mikä
100%
Mikä
100%
nää,
100%
Nään,
100%
nään
100%
nimeäsi
100%
on
100%
päivä
100%
sai
100%
silmät
100%
silmiään
100%
sitä
100%
suljen
100%
Sun
100%
sut
100%
suutelemat
100%
tää
100%
tai
100%
taivas
100%
vain
100%
vielä
100%
arvaamaton
83%
En
83%
ihan
83%
jättämään
83%
Joka
83%
jolloin
83%
kai
83%
kaiken
83%
kerta,
83%
kerta
83%
kevät
83%
mietin
83%
nauramaan
83%
näyttää
83%
niin
83%
oo
83%
päätit
83%
pilviään
83%
poskipäät
83%
pukeutuu
83%
sait
83%
Se
83%
Suru
83%
Taas
83%
tänne
83%
Tiedän
83%
tuosta
83%
Tuuli
83%
unohtanut
83%
voi
83%
ymmärtää,
83%
ymmärtää
83%
aamunkoi
67%
aio
67%
aivan
67%
jälleensyntynyt
67%
jopa
67%
kukaan
67%
millään
67%
muuttunut,
67%
nähdä
67%
nauravaan
67%
no
67%
olla
67%
ollut
67%
päälle
67%
päin
67%
paljon
67%
sain
67%
sisällään
67%
Sunlaiset
67%
suuhun
67%
toinen
67%
toiset
67%
uniin
67%
vaan?
67%
vähän
67%
viime
67%
yönä
67%
Yritän
67%
ikuisiksi
50%
jotain,
50%
Kysyn:
50%
mitä
50%
tehdä
50%
tulevaan
50%
Vaikuttaa
50%
Vastaat:
50%
Voinko
50%
voit
50%
vaatteisaan
33%
Ehtoja vastaavia visoja ei löytynyt
Tulosjakauma
Jokaisen tuloksen saaneiden osuus
Persentiili vastausten määrän mukaan
Tuloshistoriasi
Et ole pelannut tätä visaa